| 000 | 00890cam a2200205 4500 | ||
|---|---|---|---|
| 001 | WB3730-37 | ||
| 008 | 010731n2001 000 0 eng u | ||
| 035 | _a(Sirsi) u113871 | ||
| 245 | _aContractors brought in to farming | ||
| 260 | _c2001 | ||
| 490 |
_aEstates Gazette _v(0130) 28 July 2001, 44(1) |
||
| 520 | _aLooks at the decrease in country estates' income from agriculture and the increase in farm business tenancies as landowners seek to stem any further loss of income from farming. Farm business tenancies have been available since 1995, allowing landowners to charge higher rents and without tying the land and buildings up in succession law. Survey carried out by FPDSavills. | ||
| 590 | _aWB | ||
| 650 | _aCOUNTRY ESTATES | ||
| 650 | _aLANDOWNERS | ||
| 650 | _aFARMING | ||
| 650 | _aFARM BUSINESS TENANCIES | ||
| 690 | _aRURAL-AGRICULTURE AND FORESTRY | ||
| 942 | _n0 | ||
| 999 |
_c67846 _d67846 |
||